Tribhuvan University Central Library

TB do or die: journalist take a close look at how Asian countries are fighting tuberculosis (Record no. 18867)

MARC details
000 -LEADER
fixed length control field 008620000a22003250004500
082 ## - DEWEY DECIMAL CLASSIFICATION NUMBER
Classification number 616.9950954
Item number D642t
041 ## - LANGUAGE CODE
Language code of text/sound track or separate title Eng
015 ## - NATIONAL BIBLIOGRAPHY NUMBER
National bibliography number NB
100 ## - MAIN ENTRY--PERSONAL NAME
Personal name Dixit, Kunda, ed.
100 ## - MAIN ENTRY--PERSONAL NAME
Personal name John, Arun, ed.
100 ## - MAIN ENTRY--PERSONAL NAME
Personal name Gupta, Ruchira, ed.
245 ## - TITLE STATEMENT
Title TB do or die: journalist take a close look at how Asian countries are fighting tuberculosis
260 ## - PUBLICATION, DISTRIBUTION, ETC. (IMPRINT)
Place of publication, distribution, etc Kathmandu
Name of publisher, distributor, etc Panos Institute of South Asia, Nepal
260 ## - PUBLICATION, DISTRIBUTION, ETC. (IMPRINT)
Date of publication, distribution, etc 1998
300 ## - PHYSICAL DESCRIPTION
Extent 108p.
Other physical details illus
518 ## - DATE/TIME AND PLACE OF AN EVENT NOTE
Date/time and place of an event note 990707
530 ## - ADDITIONAL PHYSICAL FORM AVAILABLE NOTE
Additional physical form available note M
650 ## - SUBJECT ADDED ENTRY--TOPICAL TERM
Topical term or geographic name as entry element Tuberculosis
650 ## - SUBJECT ADDED ENTRY--TOPICAL TERM
Topical term or geographic name as entry element Infectious diseases
650 ## - SUBJECT ADDED ENTRY--TOPICAL TERM
Topical term or geographic name as entry element Epidemiology
650 ## - SUBJECT ADDED ENTRY--TOPICAL TERM
Topical term or geographic name as entry element Mass media exposure
651 ## - SUBJECT ADDED ENTRY--GEOGRAPHIC NAME
Geographic name Nepal
651 ## - SUBJECT ADDED ENTRY--GEOGRAPHIC NAME
Geographic name Bangladesh
651 ## - SUBJECT ADDED ENTRY--GEOGRAPHIC NAME
Geographic name Maldives
651 ## - SUBJECT ADDED ENTRY--GEOGRAPHIC NAME
Geographic name Pakistan
651 ## - SUBJECT ADDED ENTRY--GEOGRAPHIC NAME
Geographic name Philippines
651 ## - SUBJECT ADDED ENTRY--GEOGRAPHIC NAME
Geographic name Thailand
650 ## - SUBJECT ADDED ENTRY--TOPICAL TERM
Topical term or geographic name as entry element Directly Observed Treatment, Short Courses 'DOTS'
942 ## - ADDED ENTRY ELEMENTS (KOHA)
Koha item type General Collections
Holdings
Withdrawn status Lost status Damaged status Not for loan Home library Current library Date acquired Total Checkouts Barcode Date last seen Price effective from Date checked out
        Tribhuvan University Central Library Tribhuvan University Central Library 06/20/2010   120601 06/20/2010 06/20/2010  
        Tribhuvan University Central Library Tribhuvan University Central Library 06/20/2010 1 120602 04/14/2016 06/20/2010 03/30/2016